[Event "XtraCon-Skakligaen"]
[Site "Denmark"]
[Date "2009.01.10"]
[Round "4.5"]
[White "Palm, Nikolaj"]
[Black "Larsen, Ole Bogh"]
[Result "1-0"]
[WhiteElo "2239"]
[BlackElo "2274"]
[PlyCount "51"]
[EventDate "2008.11.01"]
[EventType "team-tourn"]
[EventRounds "9"]
[EventCountry "DEN"]
[WhiteTeam "Bronshoj"]
[BlackTeam "Helsingor"]
[WhiteTeamCountry "DEN"]
[BlackTeamCountry "DEN"]

1. d4 Nf6 2. Nf3 g6 3. e3 Bg7 4. b3 O-O 5. Bb2 d5 6. Bd3 c5 7. O-O Nc6 8. Nbd2
Qb6 9. h3 Nb4 10. Be2 Bf5 11. Ne1 cxd4 12. exd4 Nc6 13. Ndf3 Ne4 14. g4 Be6 15.
Ng2 Rad8 16. a3 h5 17. gxh5 Bxh3 18. Qd3 Bf5 19. Qe3 gxh5 20. Rad1 e5 21. Nxe5
Nxe5 22. dxe5 Qg6 23. Kh2 Qh6 24. Rg1 Kh8 25. Qxh6+ Bxh6 26. e6+ 1-0

[Event "XtraCon-Skakligaen"]
[Site "Denmark"]
[Date "2009.01.10"]
[Round "4.6"]
[White "Fagerstrom, Bjorn"]
[Black "Ligaard, Morten Lund"]
[Result "1/2-1/2"]
[WhiteElo "2132"]
[BlackElo "2192"]
[PlyCount "36"]
[EventDate "2008.11.01"]
[EventType "team-tourn"]
[EventRounds "9"]
[EventCountry "DEN"]
[WhiteTeam "Helsingor"]
[BlackTeam "Bronshoj"]
[WhiteTeamCountry "DEN"]
[BlackTeamCountry "DEN"]

1. d4 Nf6 2. c4 e6 3. Nf3 b6 4. g3 Ba6 5. b3 Bb4+ 6. Bd2 Be7 7. Bg2 d5 8. Nc3
c6 9. Ne5 Nfd7 10. Nxd7 Nxd7 11. cxd5 cxd5 12. O-O O-O 13. Re1 Rc8 14. a4 Nb8
15. Nb5 Qd7 16. e3 Nc6 17. Bf1 Nb4 18. Rc1 Rxc1 1/2-1/2

[Event "XtraCon-Skakligaen"]
[Site "Denmark"]
[Date "2009.01.10"]
[Round "4.7"]
[White "Petersen, Steen"]
[Black "Dalsberg, Sandra de Blecourt"]
[Result "1-0"]
[WhiteElo "2135"]
[BlackElo "2056"]
[PlyCount "57"]
[EventDate "2008.11.01"]
[EventType "team-tourn"]
[EventRounds "9"]
[EventCountry "DEN"]
[WhiteTeam "Bronshoj"]
[BlackTeam "Helsingor"]
[WhiteTeamCountry "DEN"]
[BlackTeamCountry "DEN"]

1. e4 d5 2. exd5 Qxd5 3. Nc3 Qa5 4. d4 Nf6 5. Bc4 Bg4 6. f3 Bf5 7. Nge2 e6 8.
Bd2 Qb6 9. g4 Bg6 10. Nf4 Qxd4 11. Qe2 Nc6 12. O-O-O Bd6 13. Be3 Bxf4 14. Rxd4
Nxd4 15. Qf2 Bxe3+ 16. Qxe3 Nxc2 17. Qc5 c6 18. Nb5 Nd7 19. Nd6+ Kf8 20. Qf2 b5
21. Bb3 Nb4 22. Qg3 Nc5 23. f4 Nbd3+ 24. Kb1 Nf2+ 25. Bc2 Bxc2+ 26. Kxc2 Nxh1
27. Qa3 b4 28. Qxb4 Nd3 29. Qb7 1-0

[Event "XtraCon-Skakligaen"]
[Site "Denmark"]
[Date "2009.01.10"]
[Round "4.8"]
[White "Molin, Claus"]
[Black "Brinck Claussen, Bjorn"]
[Result "1/2-1/2"]
[WhiteElo "2003"]
[BlackElo "2209"]
[PlyCount "56"]
[EventDate "2008.11.01"]
[EventType "team-tourn"]
[EventRounds "9"]
[EventCountry "DEN"]
[WhiteTeam "Helsingor"]
[BlackTeam "Bronshoj"]
[WhiteTeamCountry "DEN"]
[BlackTeamCountry "DEN"]

1. Nf3 Nf6 2. c4 g6 3. g3 Bg7 4. Bg2 O-O 5. O-O d5 6. cxd5 Nxd5 7. Nc3 Nb6 8.
d4 Nc6 9. d5 Na5 10. e4 c6 11. Re1 Bg4 12. h3 Bxf3 13. Bxf3 cxd5 14. exd5 Nac4
15. Qb3 Nd6 16. Nb5 Nbc4 17. Nxd6 Nxd6 18. Be3 Nf5 19. Bc5 Bd4 20. Bxd4 Nxd4
21. Qd3 Nxf3+ 22. Qxf3 Qd7 23. h4 Rfe8 24. h5 Rad8 25. h6 Qh3 26. Rxe7 Rxe7 27.
Qf6 Qxh6 28. Qxe7 Rxd5 1/2-1/2

[Event "XtraCon-Skakligaen"]
[Site "Denmark"]
[Date "2009.01.10"]
[Round "4.1"]
[White "Kulaots, Kaido"]
[Black "Matthiesen, Arne"]
[Result "1/2-1/2"]
[WhiteElo "2556"]
[BlackElo "2349"]
[PlyCount "68"]
[EventDate "2008.11.01"]
[EventType "team-tourn"]
[EventRounds "9"]
[EventCountry "DEN"]
[WhiteTeam "Aalborg"]
[BlackTeam "SK1968"]
[WhiteTeamCountry "DEN"]
[BlackTeamCountry "DEN"]

1. e4 e6 2. d4 d5 3. Nc3 Nf6 4. e5 Nfd7 5. f4 c5 6. Nf3 Nc6 7. Be3 cxd4 8. Nxd4
Bc5 9. Qd2 O-O 10. O-O-O a6 11. Qf2 Qe7 12. Bd3 Bxd4 13. Bxd4 b5 14. Rhe1 b4
15. Na4 Nxd4 16. Qxd4 Bb7 17. Nb6 Nxb6 18. Qxb6 Rfc8 19. Qe3 Qc5 20. Qh3 g6 21.
Qg3 a5 22. f5 Ba6 23. fxe6 fxe6 24. Bxg6 Ra7 25. Rd2 Kh8 26. Bd3 Rg7 27. Qh3
Bxd3 28. Qxd3 Rf8 29. Rf1 Rgf7 30. Rxf7 Rxf7 31. Qg3 Rf1+ 32. Rd1 Rf2 33. Rd2
Rf1+ 34. Rd1 Rf2 1/2-1/2

[Event "XtraCon-Skakligaen"]
[Site "Denmark"]
[Date "2009.01.10"]
[Round "4.2"]
[White "Matthiesen, Martin"]
[Black "Pedersen, Nicolai Vesterbaek"]
[Result "1-0"]
[WhiteElo "2298"]
[BlackElo "2443"]
[PlyCount "69"]
[EventDate "2008.11.01"]
[EventType "team-tourn"]
[EventRounds "9"]
[EventCountry "DEN"]
[WhiteTeam "SK1968"]
[BlackTeam "Aalborg"]
[WhiteTeamCountry "DEN"]
[BlackTeamCountry "DEN"]

1. d4 Nf6 2. c4 c5 3. d5 b5 4. cxb5 a6 5. bxa6 g6 6. Nc3 Bxa6 7. g3 d6 8. Bg2
Bg7 9. Nf3 Nbd7 10. Rb1 Nb6 11. b3 Bb7 12. Nh4 Qd7 13. O-O O-O 14. Bb2 Rfc8 15.
Qd2 c4 16. Rfc1 Ra6 17. e4 e6 18. dxe6 Qxe6 19. e5 Nfd5 20. exd6 cxb3 21. axb3
Qxd6 22. Ne4 Qf8 23. Bxg7 Qxg7 24. Nc5 Ra7 25. Nxb7 Rxc1+ 26. Qxc1 Nc3 27. Rb2
Qe5 28. Bf3 Nbd5 29. Nc5 Nb4 30. Na4 Nd3 31. Qxc3 Qxc3 32. Nxc3 Ra1+ 33. Rb1
Ra5 34. b4 Rf5 35. Nxf5 1-0

[Event "XtraCon-Skakligaen"]
[Site "Denmark"]
[Date "2009.01.10"]
[Round "4.3"]
[White "Pedersen, Erik"]
[Black "Sobjerg, Erik"]
[Result "1/2-1/2"]
[WhiteElo "2417"]
[BlackElo "2304"]
[PlyCount "28"]
[EventDate "2008.11.01"]
[EventType "team-tourn"]
[EventRounds "9"]
[EventCountry "DEN"]
[WhiteTeam "Aalborg"]
[BlackTeam "SK1968"]
[WhiteTeamCountry "DEN"]
[BlackTeamCountry "DEN"]

1. d4 Nf6 2. Nf3 c5 3. d5 e6 4. Nc3 b5 5. dxe6 fxe6 6. Nxb5 d5 7. e3 Nc6 8. Be2
a6 9. Nc3 Bd6 10. b3 O-O 11. Bb2 Ra7 12. O-O Kh8 13. Na4 e5 14. e4 Nd4 1/2-1/2

[Event "XtraCon-Skakligaen"]
[Site "Denmark"]
[Date "2009.01.10"]
[Round "4.4"]
[White "Lindfeldt, Jan Magnus"]
[Black "Luch, Michal"]
[Result "0-1"]
[WhiteElo "2249"]
[BlackElo "2411"]
[PlyCount "66"]
[EventDate "2008.11.01"]
[EventType "team-tourn"]
[EventRounds "9"]
[EventCountry "DEN"]
[WhiteTeam "SK1968"]
[BlackTeam "Aalborg"]
[WhiteTeamCountry "DEN"]
[BlackTeamCountry "DEN"]

1. e4 c5 2. Nf3 d6 3. c3 Nf6 4. Be2 Nc6 5. d4 cxd4 6. cxd4 d5 7. exd5 Nxd5 8.
O-O e6 9. Bg5 Be7 10. Bxe7 Qxe7 11. Nc3 O-O 12. Re1 Nxc3 13. bxc3 Rd8 14. Bd3
b6 15. h4 g6 16. Qd2 Kg7 17. h5 Qf6 18. Re4 Ne7 19. Ne5 Nf5 20. g4 Nd6 21. Rf4
Qh4 22. Kg2 Bb7+ 23. f3 Qe7 24. hxg6 hxg6 25. Bc2 g5 26. Qd3 Rh8 27. Ng6 Qc7
28. Nxh8 Rxh8 29. Rh1 Rxh1 30. Kxh1 gxf4 31. Kg2 f5 32. Qd2 Nc4 33. Qe1 Ne3+
0-1

[Event "XtraCon-Skakligaen"]
[Site "Denmark"]
[Date "2009.01.10"]
[Round "4.6"]
[White "Bank, Pelle Rodkjaer"]
[Black "Nielsen, Steffen Slumstrup"]
[Result "1-0"]
[WhiteElo "2231"]
[BlackElo "2221"]
[PlyCount "63"]
[EventDate "2008.11.01"]
[EventType "team-tourn"]
[EventRounds "9"]
[EventCountry "DEN"]
[WhiteTeam "SK1968"]
[BlackTeam "Aalborg"]
[WhiteTeamCountry "DEN"]
[BlackTeamCountry "DEN"]

1. e4 e5 2. Nc3 Nf6 3. g3 c6 4. d4 exd4 5. Qxd4 d6 6. Bf4 Nh5 7. Be3 Be7 8.
O-O-O O-O 9. e5 Qa5 10. exd6 Bf6 11. Qc5 Bxc3 12. Qxc3 Qxa2 13. Bc4 Qa1+ 14.
Kd2 Qa4 15. b3 Qa3 16. Bc5 Qxc5 17. Bxf7+ Rxf7 18. Qxc5 Nf6 19. f3 b6 20. Qc3
c5 21. Kc1 Bb7 22. Nh3 Nc6 23. Ng5 Nd4 24. Rhe1 Nd5 25. Qc4 Rd7 26. Re7 Rxe7
27. dxe7 Re8 28. c3 b5 29. Qd3 Nxb3+ 30. Kb2 g6 31. Qxb5 Rxe7 32. Qxb3 1-0

[Event "XtraCon-Skakligaen"]
[Site "Denmark"]
[Date "2009.01.10"]
[Round "4.7"]
[White "Hjorth, Torben"]
[Black "Hansen, Lars"]
[Result "1-0"]
[WhiteElo "2159"]
[BlackElo "2212"]
[PlyCount "101"]
[EventDate "2008.11.01"]
[EventType "team-tourn"]
[EventRounds "9"]
[EventCountry "DEN"]
[WhiteTeam "Aalborg"]
[BlackTeam "SK1968"]
[WhiteTeamCountry "DEN"]
[BlackTeamCountry "DEN"]

1. e4 g6 2. d4 Bg7 3. Nc3 c6 4. h3 d6 5. Nf3 b5 6. Be3 Nd7 7. Qd2 Bb7 8. Bd3
Qc7 9. O-O a6 10. Rfe1 e5 11. Rad1 Ngf6 12. a3 O-O 13. dxe5 dxe5 14. Bh6 Rfd8
15. Bxg7 Kxg7 16. Qe3 c5 17. Bf1 Nb6 18. Qg5 Nfd7 19. Qe7 Nc8 20. Qh4 f6 21.
Nd5 Bxd5 22. exd5 Nd6 23. g4 Re8 24. Bg2 c4 25. Nd2 c3 26. bxc3 Qxc3 27. Ne4
Nxe4 28. Bxe4 Nc5 29. Bg2 Rad8 30. d6 Rxd6 31. Rxd6 Qxe1+ 32. Kh2 g5 33. Qg3
Re6 34. Rd5 Ne4 35. Qd3 Nxf2 36. Rd7+ Kf8 37. Qxh7 Nxg4+ 38. hxg4 Qh4+ 39. Qxh4
gxh4 40. Be4 Rb6 41. Kh3 Ke8 42. Ra7 Kd8 43. Bf5 Rd6 44. Kxh4 Rd4 45. Rxa6 Ke7
46. Re6+ Kf7 47. Rb6 e4 48. Rxb5 e3 49. Kg3 Rd2 50. Kf3 e2 51. Kf2 1-0

[Event "XtraCon-Skakligaen"]
[Site "Denmark"]
[Date "2009.01.10"]
[Round "4.8"]
[White "Hansen, Jesper Maul"]
[Black "Nielsen, Jorgen G"]
[Result "1/2-1/2"]
[WhiteElo "2125"]
[BlackElo "2159"]
[PlyCount "30"]
[EventDate "2008.11.01"]
[EventType "team-tourn"]
[EventRounds "9"]
[EventCountry "DEN"]
[WhiteTeam "SK1968"]
[BlackTeam "Aalborg"]
[WhiteTeamCountry "DEN"]
[BlackTeamCountry "DEN"]

1. e4 e5 2. Nf3 Nc6 3. Bb5 Nf6 4. O-O Bc5 5. c3 O-O 6. d4 Bb6 7. Re1 d6 8. Bxc6
bxc6 9. h3 h6 10. dxe5 dxe5 11. Qxd8 Rxd8 12. Nbd2 Nd7 13. Nc4 f6 14. Be3 Ba6
15. Nxb6 cxb6 1/2-1/2

[Event "XtraCon-Skakligaen"]
[Site "Denmark"]
[Date "2009.01.10"]
[Round "4.1"]
[White "Antonsen, Mikkel"]
[Black "Hector, Jonny"]
[Result "1/2-1/2"]
[WhiteElo "2442"]
[BlackElo "2552"]
[PlyCount "100"]
[EventDate "2008.11.01"]
[EventType "team-tourn"]
[EventRounds "9"]
[EventCountry "DEN"]
[WhiteTeam "Nastved"]
[BlackTeam "Nordkalotten"]
[WhiteTeamCountry "DEN"]
[BlackTeamCountry "DEN"]

1. d4 d5 2. Nf3 Nf6 3. c4 c6 4. e3 Bf5 5. Nc3 e6 6. Nh4 Bg4 7. Qb3 Qb6 8. h3
Bh5 9. g4 Bg6 10. Nxg6 hxg6 11. Bg2 Bb4 12. Bd2 Nbd7 13. cxd5 cxd5 14. O-O Bxc3
15. Bxc3 Ne4 16. Rfc1 f5 17. Be1 Ng5 18. Qxb6 axb6 19. h4 Nf7 20. f3 Nd6 21. b3
fxg4 22. fxg4 Nf6 23. g5 Nfe4 24. Rc7 O-O 25. Bb4 Rfc8 26. Bxd6 Nxd6 27. Rac1
Rxc7 28. Rxc7 Nf5 29. Bh3 Rxa2 30. Bxf5 exf5 31. Rxb7 Re2 32. Rxb6 Rxe3 33.
Rxg6 Re4 34. Rd6 Rxd4 35. g6 Kf8 36. h5 Ke7 37. Rb6 Rh4 38. Rb7+ Kf6 39. Rf7+
Ke5 40. Rxg7 Rxh5 41. Kf2 Rh2+ 42. Kg3 Rh6 43. b4 Kf6 44. Rg8 Rh1 45. Kf2 Rb1
46. g7 Rxb4 47. Rf8+ Kxg7 48. Rxf5 Rb5 49. Ke2 Kg6 50. Rf8 Kg5 1/2-1/2

[Event "XtraCon-Skakligaen"]
[Site "Denmark"]
[Date "2009.01.10"]
[Round "4.3"]
[White "Jorgensen, Brian Jorgen"]
[Black "Jakobsen, Peter"]
[Result "1-0"]
[WhiteElo "2179"]
[BlackElo "2219"]
[PlyCount "83"]
[EventDate "2008.11.01"]
[EventType "team-tourn"]
[EventRounds "9"]
[EventCountry "DEN"]
[WhiteTeam "Nastved"]
[BlackTeam "Nordkalotten"]
[WhiteTeamCountry "DEN"]
[BlackTeamCountry "DEN"]

1. d4 d5 2. Bf4 Nf6 3. e3 Bf5 4. c4 c6 5. Nc3 e6 6. Qb3 Qb6 7. c5 Qxb3 8. axb3
Nbd7 9. h3 Be7 10. b4 Ne4 11. b5 e5 12. Bh2 exd4 13. exd4 Bf6 14. Nf3 Nxc3 15.
bxc3 Nxc5 16. bxc6 bxc6 17. Ne5 Bxe5 18. Bxe5 Nd3+ 19. Bxd3 Bxd3 20. Kd2 Be4
21. f3 Bf5 22. g4 f6 23. Bd6 Be6 24. Rhb1 Bc8 25. Re1+ Kd7 26. Bc5 Kc7 27. Re7+
Bd7 28. Rxg7 h5 29. Bxa7 hxg4 30. hxg4 Rag8 31. Bb6+ Kxb6 32. Rxd7 Rh2+ 33. Kd3
Rf2 34. Rb1+ Ka6 35. Ke3 Rc2 36. Rb3 f5 37. gxf5 Rf8 38. Kf4 Rh2 39. Rd6 Rc8
40. f6 Rc7 41. Re6 Rh5 42. Re7 1-0

[Event "XtraCon-Skakligaen"]
[Site "Denmark"]
[Date "2009.01.10"]
[Round "4.4"]
[White "Nielsen, Lars Aaes"]
[Black "Flindt, Thomas"]
[Result "0-1"]
[WhiteElo "2178"]
[BlackElo "2179"]
[PlyCount "52"]
[EventDate "2008.11.01"]
[EventType "team-tourn"]
[EventRounds "9"]
[EventCountry "DEN"]
[WhiteTeam "Nordkalotten"]
[BlackTeam "Nastved"]
[WhiteTeamCountry "DEN"]
[BlackTeamCountry "DEN"]

1. e4 Nc6 2. d4 e5 3. d5 Nce7 4. f4 exf4 5. Bxf4 Ng6 6. Bg3 Bc5 7. Nf3 d6 8.
Bd3 Nf6 9. Nbd2 Nh5 10. Bf2 Bxf2+ 11. Kxf2 O-O 12. Re1 Nhf4 13. Nf1 Bg4 14. Ne3
Ne5 15. Nxg4 Nxg4+ 16. Kg3 Nxd3 17. cxd3 f5 18. Nd4 Qg5 19. Ne6 f4+ 20. Kf3 Qh5
21. Qd2 Ne3+ 22. Kf2 Qxh2 23. Rg1 Ng4+ 24. Kf1 f3 25. Qg5 fxg2+ 26. Ke2 Rf2+
0-1

[Event "XtraCon-Skakligaen"]
[Site "Denmark"]
[Date "2009.01.10"]
[Round "4.5"]
[White "Schyberg, Brian"]
[Black "Kristensen, Kaare Hove"]
[Result "0-1"]
[WhiteElo "2135"]
[BlackElo "2215"]
[PlyCount "140"]
[EventDate "2008.11.01"]
[EventType "team-tourn"]
[EventRounds "9"]
[EventCountry "DEN"]
[WhiteTeam "Nastved"]
[BlackTeam "Nordkalotten"]
[WhiteTeamCountry "DEN"]
[BlackTeamCountry "DEN"]

1. Nf3 c5 2. g3 Nc6 3. Bg2 e5 4. O-O g6 5. d3 Bg7 6. c4 Nge7 7. Nc3 O-O 8. Rb1
d6 9. a3 a5 10. Bd2 h6 11. Ne1 Be6 12. Nd5 Bxd5 13. cxd5 Nd4 14. Nc2 Qd7 15. b4
cxb4 16. Nxd4 exd4 17. axb4 a4 18. b5 Rfc8 19. Bb4 a3 20. b6 a2 21. Ra1 Qd8 22.
Bh3 Rcb8 23. Qc2 Nxd5 24. Bd2 Qxb6 25. Rxa2 Rxa2 26. Qxa2 Nc3 27. Bxc3 dxc3 28.
e3 Qc7 29. d4 b5 30. Rc1 b4 31. Qb3 d5 32. Bg2 Qc4 33. Bxd5 Qxb3 34. Bxb3 Ra8
35. Kg2 Ra3 36. Bd5 Bf6 37. Kf3 Bd8 38. Ke4 Ba5 39. Rb1 c2 40. Rc1 b3 41. Bxb3
Rxb3 42. Rxc2 Kg7 43. h4 h5 44. Kf3 Rc3 45. Ra2 Bc7 46. Ke4 Kf6 47. Ra6+ Ke7
48. Ra2 Ke6 49. Ra6+ Bd6 50. Ra2 f5+ 51. Kf3 Rb3 52. Ra6 Rb2 53. Kg2 Kd5 54.
Kf3 Bb4 55. Rxg6 Be1 56. Kf4 Rxf2+ 57. Kg5 Bd2 58. Kxh5 Bxe3 59. Ra6 Bxd4 60.
Kg6 Ke4 61. Ra3 Rc2 62. Ra5 Rc8 63. Kh5 Be3 64. Ra4+ Kf3 65. Rf4+ Bxf4 66. gxf4
Rc4 67. Kg6 Rxf4 68. h5 Ke4 69. h6 Rg4+ 70. Kh5 Rg1 0-1

[Event "XtraCon-Skakligaen"]
[Site "Denmark"]
[Date "2009.01.10"]
[Round "4.6"]
[White "Hove, Esben Kjems"]
[Black "Vovk, Oksana"]
[Result "0-1"]
[WhiteElo "2285"]
[BlackElo "2142"]
[PlyCount "82"]
[EventDate "2008.11.01"]
[EventType "team-tourn"]
[EventRounds "9"]
[EventCountry "DEN"]
[WhiteTeam "Nordkalotten"]
[BlackTeam "Nastved"]
[WhiteTeamCountry "DEN"]
[BlackTeamCountry "DEN"]

1. d4 e6 2. Nf3 Nf6 3. Bf4 c5 4. e3 b6 5. Nbd2 Bb7 6. Bd3 Nc6 7. c3 d5 8. Bg3
Bd6 9. Ne5 O-O 10. f4 Nd7 11. Qh5 f5 12. Ndf3 Nf6 13. Qh3 Qe8 14. Bh4 Bxe5 15.
fxe5 Ne4 16. O-O-O Na5 17. Nd2 Rc8 18. Kb1 Bc6 19. Nxe4 dxe4 20. Bc2 Bd5 21.
Qg3 Nc4 22. Bb3 a5 23. Ka1 Qb5 24. dxc5 Qxc5 25. Rd4 a4 26. Bxc4 Bxc4 27. Rhd1
Bd5 28. a3 Qb5 29. Rb4 Qe2 30. Qe1 Qxe1 31. Rxe1 Rc6 32. Be7 Rf7 33. Bd6 g5 34.
Rxa4 f4 35. Rd4 f3 36. gxf3 exf3 37. Rf1 Rc4 38. Rf2 Rxd4 39. exd4 h5 40. Kb1
g4 41. Kc1 h4 0-1

[Event "XtraCon-Skakligaen"]
[Site "Denmark"]
[Date "2009.01.10"]
[Round "4.7"]
[White "Pedersen, Dimon Paul"]
[Black "Koch, Soren Andreas"]
[Result "0-1"]
[WhiteElo "2095"]
[BlackElo "2178"]
[PlyCount "100"]
[EventDate "2008.11.01"]
[EventType "team-tourn"]
[EventRounds "9"]
[EventCountry "DEN"]
[WhiteTeam "Nastved"]
[BlackTeam "Nordkalotten"]
[WhiteTeamCountry "DEN"]
[BlackTeamCountry "DEN"]

1. c4 Nf6 2. g3 e5 3. Bg2 Nc6 4. Nc3 Bb4 5. Nd5 Be7 6. b3 d6 7. Bb2 O-O 8. e3
Re8 9. Ne2 Nxd5 10. cxd5 Nb4 11. d4 Bf6 12. Qd2 a5 13. a3 Na6 14. O-O Bg4 15.
Rfe1 Qd7 16. f3 Bh3 17. Qxa5 Bxg2 18. Kxg2 Nc5 19. Qc3 e4 20. f4 Qb5 21. a4
Qxb3 22. Qxb3 Nxb3 23. Ra3 Na5 24. Rc1 c6 25. Nc3 Nc4 26. Rb3 Nxe3+ 27. Kf2
Bxd4 28. Ke2 Nxd5 29. Nxd5 Bxb2 30. Rxb2 cxd5 31. Rb4 Kf8 32. Rxb7 Re7 33. Rb4
Rea7 34. Ra1 Ke7 35. Ke3 Ra5 36. Kd4 R8a7 37. g4 g6 38. Ra3 Ke6 39. h3 f5 40.
g5 Rc5 41. h4 Rac7 42. a5 Rc4+ 43. Rxc4 Rxc4+ 44. Ke3 d4+ 45. Kd2 Rc7 46. a6
Ra7 47. Ra5 Kd7 48. h5 Kc6 49. hxg6 hxg6 50. Ra4 d3 0-1

[Event "XtraCon-Skakligaen"]
[Site "Denmark"]
[Date "2009.01.10"]
[Round "4.8"]
[White "Lilja, Richard"]
[Black "Preuss, Flemming"]
[Result "1/2-1/2"]
[WhiteElo "2101"]
[BlackElo "1952"]
[PlyCount "112"]
[EventDate "2008.11.01"]
[EventType "team-tourn"]
[EventRounds "9"]
[EventCountry "DEN"]
[WhiteTeam "Nordkalotten"]
[BlackTeam "Nastved"]
[WhiteTeamCountry "DEN"]
[BlackTeamCountry "DEN"]

1. e4 d6 2. d4 Nf6 3. Nc3 e5 4. dxe5 dxe5 5. Qxd8+ Kxd8 6. Bg5 Be6 7. O-O-O+
Nbd7 8. f4 exf4 9. e5 h6 10. Bxf6+ gxf6 11. exf6 a6 12. Nge2 Bd6 13. Ne4 Be5
14. Nd4 Ke8 15. Nxe6 fxe6 16. Bc4 Nxf6 17. Nxf6+ Bxf6 18. Bxe6 Rd8 19. Rde1 Rd6
20. Rhf1 Kd8 21. Rd1 Be5 22. Rxd6+ Bxd6 23. Kd2 h5 24. Rf3 h4 25. Rb3 b6 26.
Rd3 Re8 27. Bf7 Re7 28. Bg6 Re3 29. h3 Rg3 30. Be4 Rg5 31. Rd5 Rxd5+ 32. Bxd5
Ke7 33. Kd3 Kf6 34. Ke4 a5 35. Bc6 Be5 36. c3 Bd6 37. Bd7 Be5 38. Kf3 Kg5 39.
a3 Bd6 40. Ke4 Kf6 41. Kd5 Ke7 42. Bc8 Kf6 43. b4 axb4 44. cxb4 Ke7 45. Bb7 c5
46. bxc5 Bxc5 47. a4 Bf2 48. Ba6 Kf6 49. Bd3 Kg5 50. Be4 Bg1 51. Ke5 Bf2 52.
Bd3 Bc5 53. Ke4 Bf2 54. Be2 Bc5 55. Bf3 Bf2 56. Kd5 Bg1 1/2-1/2

[Event "XtraCon-Skakligaen"]
[Site "Denmark"]
[Date "2009.01.11"]
[Round "5.1"]
[White "Hansen, Sune Berg"]
[Black "Lund, Silas"]
[Result "1/2-1/2"]
[WhiteElo "2544"]
[BlackElo "2425"]
[PlyCount "39"]
[EventDate "2008.11.01"]
[EventType "team-tourn"]
[EventRounds "9"]
[EventCountry "DEN"]
[WhiteTeam "Helsingor"]
[BlackTeam "K41"]
[WhiteTeamCountry "DEN"]
[BlackTeamCountry "DEN"]

1. e4 c5 2. Nf3 Nc6 3. Bb5 g6 4. Bxc6 dxc6 5. d3 Bg7 6. h3 b6 7. Nc3 e5 8. Be3
Ne7 9. Qd2 h6 10. g4 Be6 11. O-O-O Qd7 12. Rhg1 O-O-O 13. Ne2 Kb7 14. Kb1 Nc8
15. Ng3 Nd6 16. Nf5 f6 17. Nxg7 Qxg7 18. Qe2 g5 19. c4 h5 20. Nd2 1/2-1/2

[Event "XtraCon-Skakligaen"]
[Site "Denmark"]
[Date "2009.01.11"]
[Round "5.2"]
[White "Semcesen, Daniel"]
[Black "Mortensen, Erling"]
[Result "0-1"]
[WhiteElo "2402"]
[BlackElo "2455"]
[PlyCount "126"]
[EventDate "2008.11.01"]
[EventType "team-tourn"]
[EventRounds "9"]
[EventCountry "DEN"]
[WhiteTeam "K41"]
[BlackTeam "Helsingor"]
[WhiteTeamCountry "DEN"]
[BlackTeamCountry "DEN"]

1. d4 Nf6 2. c4 c5 3. d5 b5 4. Nd2 d6 5. e4 g6 6. cxb5 Qa5 7. Qc2 a6 8. a4 Bg7
9. Ra3 O-O 10. Ngf3 Nbd7 11. Be2 Bb7 12. O-O axb5 13. Bxb5 Ba6 14. Nc4 Qc7 15.
Bxa6 Rxa6 16. a5 e6 17. dxe6 fxe6 18. e5 dxe5 19. Ng5 Nd5 20. Rh3 N7f6 21. Re1
h6 22. Ne4 Nh5 23. Bd2 Nhf4 24. Rf3 g5 25. h3 Rd8 26. Kh2 Nb4 27. Bxb4 cxb4 28.
g3 Rd4 29. b3 Nd5 30. Qe2 Ra8 31. Ned6 Nc3 32. Rxc3 bxc3 33. Nb5 Qc5 34. Nxc3
Rf8 35. Kg1 e4 36. Nd1 Rd3 37. Kg2 Rxb3 38. Qxe4 Qd5 39. Nb6 Qxe4+ 40. Rxe4 Rd3
41. Re1 Bd4 42. Nc4 Rc8 43. Nde3 Rc6 44. Re2 Rc3 45. Nb6 Bxe3 46. Rxe3 Rxe3 47.
fxe3 Rc5 48. a6 Ra5 49. Kf3 Rxa6 50. Nc4 Kg7 51. Ne5 Ra5 52. Ng4 h5 53. Nf2 Kg6
54. g4 h4 55. Ne4 Ra2 56. Nf2 e5 57. Kg2 e4 58. Kf1 Ra4 59. Ke2 Kf6 60. Ke1 Ke5
61. Ke2 Kd5 62. Ke1 Ra2 63. Kf1 Rxf2+ 0-1

[Event "XtraCon-Skakligaen"]
[Site "Denmark"]
[Date "2009.01.11"]
[Round "5.3"]
[White "Nielsen, Nicholas Roland"]
[Black "Smith, Axel"]
[Result "0-1"]
[WhiteElo "2146"]
[BlackElo "2391"]
[PlyCount "76"]
[EventDate "2008.11.01"]
[EventType "team-tourn"]
[EventRounds "9"]
[EventCountry "DEN"]
[WhiteTeam "Helsingor"]
[BlackTeam "K41"]
[WhiteTeamCountry "DEN"]
[BlackTeamCountry "DEN"]

1. e4 e5 2. Nf3 Nc6 3. Bb5 Nf6 4. d3 Bc5 5. c3 O-O 6. Bxc6 bxc6 7. Nxe5 d5 8.
d4 Bb6 9. exd5 Qxd5 10. O-O c5 11. Be3 Rd8 12. Qf3 cxd4 13. cxd4 Ba6 14. Qxd5
Nxd5 15. Rd1 c5 16. Nc6 Nxe3 17. fxe3 Rd6 18. Ne7+ Kf8 19. Nf5 Rf6 20. dxc5
Bxc5 21. Rd5 Bb6 22. Nc3 Re8 23. Na4 g6 24. Nxb6 Rxb6 25. Nd6 Re6 26. Rad1 Rxb2
27. Ra5 Rb6 28. Rad5 Rxe3 29. R1d2 Re6 30. R5d4 Rb1+ 31. Kf2 Rf1+ 32. Kg3 Re3+
33. Kh4 Kg7 34. g3 h6 35. Kh3 Rfe1 36. Ra4 Bf1+ 37. Kh4 g5+ 38. Kg4 Kg6 0-1

[Event "XtraCon-Skakligaen"]
[Site "Denmark"]
[Date "2009.01.11"]
[Round "5.4"]
[White "Greger, Roland Reinhard"]
[Black "Jorgensen, Michael"]
[Result "1/2-1/2"]
[WhiteElo "2385"]
[BlackElo "2186"]
[PlyCount "91"]
[EventDate "2008.11.01"]
[EventType "team-tourn"]
[EventRounds "9"]
[EventCountry "DEN"]
[WhiteTeam "K41"]
[BlackTeam "Helsingor"]
[WhiteTeamCountry "DEN"]
[BlackTeamCountry "DEN"]

1. e4 e6 2. d4 d5 3. Nd2 Nf6 4. e5 Nfd7 5. Bd3 c5 6. c3 Nc6 7. Ne2 cxd4 8. cxd4
f6 9. exf6 Nxf6 10. Nf3 Bd6 11. O-O O-O 12. Bf4 Bxf4 13. Nxf4 Ne4 14. g3 Qf6
15. h4 h6 16. Bxe4 dxe4 17. Ne5 g5 18. Nh5 Qf5 19. g4 Qh7 20. hxg5 hxg5 21. Qd2
Rf5 22. Rfe1 Nxe5 23. dxe5 Bd7 24. Nf6+ Rxf6 25. exf6 Bc6 26. Qxg5+ Kf7 27.
Rac1 Rg8 28. Rxc6 Rxg5 29. Rc7+ Kg6 30. Rxh7 Rxg4+ 31. Kf1 Kxh7 32. Rc1 Kg6 33.
Rc7 Kxf6 34. Rxb7 a5 35. Rb5 a4 36. Rb4 a3 37. b3 Ke5 38. Ra4 Kf4 39. Ke2 Rg1
40. Rxa3 Rb1 41. Ra6 Rb2+ 42. Ke1 e5 43. Ra8 Kf3 44. Rf8+ Kg4 45. Rg8+ Kf4 46.
Rf8+ 1/2-1/2

[Event "XtraCon-Skakligaen"]
[Site "Denmark"]
[Date "2009.01.11"]
[Round "5.5"]
[White "Larsen, Ole Bogh"]
[Black "Hansen, Jacob Ost"]
[Result "1/2-1/2"]
[WhiteElo "2274"]
[BlackElo "2403"]
[PlyCount "38"]
[EventDate "2008.11.01"]
[EventType "team-tourn"]
[EventRounds "9"]
[EventCountry "DEN"]
[WhiteTeam "Helsingor"]
[BlackTeam "K41"]
[WhiteTeamCountry "DEN"]
[BlackTeamCountry "DEN"]

1. e4 c5 2. Nf3 e6 3. d4 cxd4 4. Nxd4 a6 5. Nc3 b5 6. Bd3 Qb6 7. Nb3 d6 8. O-O
Nc6 9. a4 bxa4 10. Be3 Qc7 11. Rxa4 Nf6 12. Qe2 Nb8 13. Bb5+ Nfd7 14. Nd4 Bb7
15. Rc4 Qd8 16. Nc6 Nxc6 17. Bxc6 Bxc6 18. Rxc6 Qa5 19. Qc4 Ne5 1/2-1/2